000 00363cam a2200121 a 4500
020 _a0201703335 (alk. paper)
050 0 0 _aQA39.3
_b.D86 2001
100 1 _aDugopolski, Mark.
245 1 0 _aPrecalculus with limits :
_bfunctions and graphs /
_cMark Dugopolski.
260 _aBoston :
_bAddison-Wesley,
_cc2002.
300 _a1 v. (various pagings) :
942 _2lcc
_cGEN
999 _c10429
_d10429